000 00729nam a2200289Ia 4500
005 20260324134711.0
008 008 260324s9999 xx 000 0 eng d
020 _a9780429232596
037 _aEBOOK
040 _aCRL
040 _beng
040 _cCRL
041 _2eng
041 _aeng
084 _qCRL
100 _aPhilip Arestis; Sheila Dow; Meghnad Desai
_91197819
245 0 _aMethodology, Microeconomics and Keynes
245 0 _bEssays in Honour of Victoria Chick, Volume 2
260 _bTaylor and Francis
260 _c2001
365 _a
365 _b420
856 _uhttp://www.taylorfrancis.com/books/9780429232596
942 _cEBOOK
999 _c1798172
_d1798172